Mathematics: Applications and Connections : Course 2 /
Gardado en:
| Autor Principal: | |
|---|---|
| Formato: | Libro |
| Idioma: | Vietnamese |
| Publicado: |
New York :
Glencoe--McGraw Hill ,
1998
|
| Edición: | In lần thứ 1 |
| Những chủ đề: | |
| Các nhãn: |
Engadir etiqueta
Sen Etiquetas, Sexa o primeiro en etiquetar este rexistro!
|
| Thư viện lưu trữ: | Thư viện Trường CĐ Kỹ Thuật Cao Thắng |
|---|
| LEADER | 00637nam a2200205 a 4500 | ||
|---|---|---|---|
| 001 | TVCDKTCT8231 | ||
| 003 | Thư viện trường Cao đẳng Kỹ thuật Cao Thắng | ||
| 005 | 20070904000000 | ||
| 008 | 070904 | ||
| 980 | \ | \ | |a Thư viện Trường CĐ Kỹ Thuật Cao Thắng |
| 024 | |a RG_1 #1 eb0 i1 | ||
| 020 | # | # | |a 0028252179 |
| 041 | 0 | # | |a vie |
| 082 | # | # | |a 510 / |b M100TH-a |
| 100 | 1 | # | |a Boyd Cindy J |
| 245 | 0 | 0 | |a Mathematics: Applications and Connections : Course 2 / |c Boyd Cindy J |
| 250 | # | # | |a In lần thứ 1 |
| 260 | # | # | |a New York : |b Glencoe--McGraw Hill , |c 1998 |
| 300 | # | # | |a 666tr. ; |c 27cm |
| 650 | # | 4 | |a Toán học |


